| 000 | 00455nam a2200181Ia 4500 | ||
|---|---|---|---|
| 008 | 151018s9999 xx 000 0 und d | ||
| 082 |
_bRBASDV28520 _a297 |
||
| 100 | _aM N Roy | ||
| 245 | _aThe Historical Role of Islam | ||
| 250 | _b1 | ||
| 260 |
_bKuda Baksh O.P.Libary _c1996 |
||
| 300 | _a170 | ||
| 600 | _aM N Roy | ||
| 630 | _aThe Historical Role of Islam | ||
| 700 | _aM N Roy | ||
| 730 | _aThe Historical Role of Islam | ||
| 942 | _cBOOK | ||
| 999 |
_c1028091 _d1028088 |
||